000 00307nam a2200109 4500
999 _c10586
_d10586
008 180907b ||||| |||| 00| 0 eng d
245 _aWifi service installed at Boracay airport.
260 _aPhilippines
_bThe Philippine Star
_cc2016
300 _apage E-2.
650 0 _930993
_aInternet.
942 _2ddc
_cPER